000 00589cam a22002171 4500
001 ne 67001207
003 DLC
005 20260227111833.0
008 890401s1967 xx ac 000 0 ara
010 _ane 67001207
035 _a(OCoLC)23515689
040 _aDLC
_cMiU
_dDLC
042 _apremarc
050 0 0 _aDS110.5
_b.U53
110 1 _aUnited Arab Republic.
_bMaṣlaḥat al-Istiʻlāmāt.
245 1 0 _aʻĪd al-naṣr al-ʻāshir, Muḥāfaẓat Sīnāʼ.
260 _c[1967]
300 _a75 p.
_billus., port.
_c265 cm.
500 _aRomanized.
651 0 _aSinai (Egypt)
999 _c49677
_d49677